MARC

LEADER 00000nam0a2200000 4500
001 243645
005 20231101232003.0
035 |a (RuTPU)RU\TPU\book\264995 
090 |a 243645 
100 |a 20131003d1981 m y0rusy50 ca 
101 0 |a rus 
102 |a RU 
105 |a a z 000ab 
200 1 |a Фритьоф Нансен. Его жизнь необыкновенные приключения   |e для среднего и старшего школьного возраста  |f Г. И. Кублицкий  |g худож. Е. Ванюков  |e повесть 
210 |a Москва  |c Детская литература  |d 1981 
215 |a 287 с.  |c ил. 
600 1 |a Нансен  |g Фритьоф  |b Ф.  |c норвежский исследователь Арктики  |f 1861-1930  |2 stltpush  |3 (RuTPU)RU\TPU\pers\600 
606 1 |a Географические открытия и исследования  |x История  |2 stltpush  |3 (RuTPU)RU\TPU\subj\5915  |9 33899 
606 1 |a Русская литература современная  |2 stltpush  |3 (RuTPU)RU\TPU\subj\26373  |9 50316 
610 1 |a география 
610 1 |a Арктика 
610 1 |a арктические экспедиции 
610 1 |a путешествия 
610 1 |a 19 век 
610 1 |a полярные исследования 
675 |a Р2  |v 3 
675 |a 910.4  |v 3 
700 1 |a Кублицкий  |b Г. И.  |g Георгий Иванович  |4 070 
702 1 |a Ванюков  |b Е.  |4 440 
801 1 |a RU  |b 63413507  |c 20131003 
801 2 |a RU  |b 63413507  |c 20220112  |g RCR 
942 |c BK